000 00490nam a2200169 a 4500
001 23971
005 20180713222119.0
008 140415s2000 000 0 spa d
041 _aspa
082 _a338.91
_bNUE
245 0 0 _aNUEVA POLITICA COMERCIAL PARA EL DESARROLLO
250 _a2a ed
260 _a[s.l.] :
_bFONDO DE CULTURA ECONOMICA,
_c2000
300 _a148
490 _aSECCION DE OBRAS DE ECONOMIA
650 1 4 _aECONOMIA INTERNACIONAL
_xPOLITICA ECONOMICA
999 _c23971
_d23971